Loading...
| Science - Chemistry | 4 | 4 | 1 | 0 | 95 | 48 | 75.50 | 8 | 8 |
| Science - Biology | 2 | 7 | 1 | 0 | 95 | 63 | 86.67 | 9 | 9 |
| Science - Other Science | 1 | 7 | 2 | 1 | 75 | 59 | 107.00 | 2 | 8 |
| Science - Physics | 1 | 6 | 1 | 0 | 70 | 51 | 108.00 | 5 | 7 |
| Literature - American Literature | 1 | 5 | 0 | 0 | 65 | 83 | 125.50 | 0 | 6 |
| Literature - World Literature | 0 | 5 | 0 | 1 | 50 | 90 | 136.20 | 0 | 5 |
| Literature - British Literature | 0 | 5 | 0 | 0 | 50 | 110 | 122.40 | 0 | 5 |
| Fine Arts - Auditory Fine Arts | 0 | 5 | 2 | 0 | 40 | 115 | 132.40 | 4 | 5 |
| Fine Arts - Visual Fine Arts | 0 | 4 | 1 | 1 | 35 | 107 | 138.25 | 1 | 4 |
| Social Science | 0 | 4 | 1 | 1 | 35 | 100 | 117.50 | 1 | 4 |
| Geography | 0 | 4 | 2 | 2 | 30 | 77 | 127.75 | 0 | 4 |
| Mythology | 0 | 3 | 0 | 0 | 30 | 84 | 113.00 | 2 | 3 |
| Religion | 0 | 3 | 1 | 0 | 25 | 85 | 115.67 | 2 | 3 |
| Other Academic | 0 | 2 | 0 | 1 | 20 | 89 | 112.00 | 0 | 2 |
| Philosophy | 0 | 2 | 0 | 0 | 20 | 122 | 133.50 | 0 | 2 |
| History - Ancient History | 0 | 2 | 0 | 1 | 20 | 147 | 148.00 | 0 | 2 |
| Literature - European Literature | 0 | 2 | 1 | 0 | 15 | 142 | 152.00 | 0 | 2 |
| History - World History | 0 | 2 | 1 | 1 | 15 | 87 | 113.50 | 0 | 2 |
| Current Events | 0 | 2 | 1 | 0 | 15 | 79 | 84.50 | 1 | 2 |
| History - European History | 0 | 1 | 1 | 0 | 5 | 92 | 92.00 | 0 | 1 |
| History - American History | 0 | 1 | 1 | 0 | 5 | 104 | 104.00 | 0 | 1 |